Southville International School and Colleges
Your cart is empty.
  • Cart
  • Lists
    Public lists Eva Luna New books Lux_list list_1
    Your lists Log in to create your own lists
  • Log in to your account
  • Your cookies
  • Search history
Southville International School and Colleges
  • Advanced search
  • Recent comments
  • Most popular
  • Libraries

Log in to your account

Log in with GOOGLE


If you do not have an external account, but do have a local account, you can still log in:

  1. Home
  2. MARC view: Strategies, techniques, & approaches to critical thinking :
Normal view MARC view ISBD view

Strategies, techniques, & approaches to critical thinking : (Record no. 284534)

[ view plain ]
MARC details
000 -LEADER
fixed length control field 01282cam a22003617a 4500
001 - CONTROL NUMBER
control field 17768234
003 - CONTROL NUMBER IDENTIFIER
control field PILC
005 - DATE AND TIME OF LATEST TRANSACTION
control field 20150601085010.0
008 - FIXED-LENGTH DATA ELEMENTS--GENERAL INFORMATION
fixed length control field 130607s2014 moua 000 0 eng d
010 ## - LIBRARY OF CONGRESS CONTROL NUMBER
LC control number 2012277425
020 ## - INTERNATIONAL STANDARD BOOK NUMBER
International Standard Book Number 9781455733903
020 ## - INTERNATIONAL STANDARD BOOK NUMBER
International Standard Book Number 1455733903
035 ## - SYSTEM CONTROL NUMBER
System control number (OCoLC)ocn809616185
040 ## - CATALOGING SOURCE
Original cataloging agency BTCTA
Language of cataloging eng
Description conventions rda
Transcribing agency BTCTA
Modifying agency YDXCP
-- BWX
-- ZNC
-- TEF
-- DLC
042 ## - AUTHENTICATION CODE
Authentication code lccopycat
050 00 - LIBRARY OF CONGRESS CALL NUMBER
Classification number RT 42
Item number .M246 2014
060 #4 - NATIONAL LIBRARY OF MEDICINE CALL NUMBER
Classification number WY 18.2
Item number M385s 2014
100 1# - MAIN ENTRY--PERSONAL NAME
Personal name Martinez de Castillo, Sandra Luz,
Relator term author.
245 10 - TITLE STATEMENT
Title Strategies, techniques, & approaches to critical thinking :
Remainder of title a clinical reasoning workbook for nurses /
Statement of responsibility, etc Sandra Luz Martinez de Castillo.
246 3# - VARYING FORM OF TITLE
Title proper/short title Strategies, techniques, and approaches to critical thinking
246 3# - VARYING FORM OF TITLE
Title proper/short title STAT
250 ## - EDITION STATEMENT
Edition statement 5th edition.
260 ## - PUBLICATION, DISTRIBUTION, ETC. (IMPRINT)
Place of publication, distribution, etc St. Louis, MO :
Name of publisher, distributor, etc Elsevier,
Date of publication, distribution, etc 2014.
300 ## - PHYSICAL DESCRIPTION
Extent ix, 274 pages :
Other physical details illustrations ;
Dimensions 28 cm
500 ## - GENERAL NOTE
General note Includes appendix.
650 #0 - SUBJECT ADDED ENTRY--TOPICAL TERM
Topical term or geographic name as entry element Nursing
Form subdivision Case studies.
650 #0 - SUBJECT ADDED ENTRY--TOPICAL TERM
Topical term or geographic name as entry element Nursing
General subdivision Decision making
Form subdivision Textbooks.
650 12 - SUBJECT ADDED ENTRY--TOPICAL TERM
Topical term or geographic name as entry element Nursing Care
Form subdivision Problems and Exercises.
650 22 - SUBJECT ADDED ENTRY--TOPICAL TERM
Topical term or geographic name as entry element Decision Making.
906 ## - LOCAL DATA ELEMENT F, LDF (RLIN)
a 7
b cbc
c copycat
d 2
e ncip
f 20
g y-gencatlg
942 ## - ADDED ENTRY ELEMENTS (KOHA)
Source of classification or shelving scheme Library of Congress Classification
Koha item type Books
Call number prefix Foreign
Holdings
Withdrawn status Lost status Source of classification or shelving scheme Damaged status Home library Current library Shelving location Date acquired Source of acquisition Sub Shelving location Total Checkouts Total Renewals Full call number Barcode Date last seen Date checked out Price effective from Koha item type
    Library of Congress Classification   College Library College Library Reserve Section 06/01/2015 Library Fund   1 3 RT 42 .M246 2014 C19455 05/15/2018 06/22/2015 06/01/2015 Books

Strategies, techniques, & approaches to critical thinking :

APA

Martinez de Castillo S. L., . (2014). Strategies, techniques, & approaches to critical thinking. St. Louis, MO: Elsevier.

Chicago

Martinez de Castillo Sandra Luz, . 2014. Strategies, techniques, & approaches to critical thinking. St. Louis, MO: Elsevier.

Harvard

Martinez de Castillo S. L., . (2014). Strategies, techniques, & approaches to critical thinking. St. Louis, MO: Elsevier.

MLA

Martinez de Castillo Sandra Luz, . Strategies, techniques, & approaches to critical thinking. St. Louis, MO: Elsevier. 2014.

  • Place hold
  • Print
  • Cite
  • Add to your cart (remove)
  • Save record
    BIBTEX Dublin Core MARCXML MARC (non-Unicode/MARC-8) MARC (Unicode/UTF-8) MARC (Unicode/UTF-8, Standard) MODS (XML) RIS
  • More searches
    Search for this title in:
    Other Libraries (WorldCat) Other Databases (Google Scholar) Online Stores (Bookfinder.com) Open Library (openlibrary.org)

Exporting to Dublin Core...

SOUTHVILLE LIBRARY

Southville International School and Colleges Library

1281 Tropical Ave. Cor. Luxembourg St., BF Homes International, Las Pinas City

Tel. No. 8256374 / 252358 Loc. 117/146

Powered by Koha